En quelle année se déroule cette oeuvre de fiction ? - Statistiques

Statistiques générales
  • Ce quiz a été pris 5 fois
  • Le résultat moyen est 7 sur 37
Statistiques - réponses
Oeuvre Année % Correct
1984 1984
100%
Titanic 1912
80%
Il faut sauver le soldat Ryan 1944
80%
Astérix -50
60%
Indiana Jones et les Aventuriers de l'arche perdue 1936
40%
Retour vers le futur (passé) 1955
40%
Terminator 1984
40%
Retour vers le futur (présent) 1985
40%
Vingt Mille Lieues sous les mers 1866
20%
Le Tour du monde en quatre-vingt jours 1872
20%
Red Dead Redemption 1911
20%
Dirty Dancing 1963
20%
Rocky 1975
20%
Forrest Gump (présent) 1981
20%
Stranger Things (Saison 1) 1983
20%
Grand Theft Auto: San Andreas 1992
20%
Tomb Raider 1996
20%
Swort Art Online 2022
20%
Alien 2122
20%
Notre-Dame de Paris 1482
0%
Les Trois Mousquetaires 1625
0%
Autant en emporte le vent 1861
0%
Downtown Abbey (au début) 1912
0%
Peaky Blinders (au début) 1919
0%
Bioshock 1960
0%
Les Dents de la mer 1974
0%
Resident Evil 1998
0%
Je suis une légende 2009
0%
Neon Genesis Evangelion 2015
0%
American Nightmare/La Purge 2022
0%
I, Robot 2035
0%
Seul sur Mars 2035
0%
Detroit Become Human 2038
0%
Interstellar 2067
0%
Le Cinquième Element 2263
0%
Fallout 4 2287
0%
Dr.Stone 5738
0%
Aucun quiz correspondant
Distribution des résultats
% des personnes avec chaque résultat
Percentile par nombre de réponses
Votre historique - résultats
Vous n’avez pas pris ce quiz